| 000 | 01033nam a22002537a 4500 | ||
|---|---|---|---|
| 999 |
_c21682 _d21682 |
||
| 003 | AR-CdUCM | ||
| 008 | 190425b ||||| |||| 00| 0 spa d | ||
| 040 |
_aMUNICIPALIDAD PROVINCIAL DEL CUSCO _cBIBLIOTECA MUNICIPAL DEL CUSCO |
||
| 082 |
_aRev.Univ/N°4/1913 _bRev.Univ/N°4/1913 |
||
| 110 |
_aUniversidad Nacional de San Antonio Abad del Cusco _915942 |
||
| 245 |
_aRevista Universitaria : _bÓrgano de la Universidad del Cuzco / |
||
| 260 |
_aCusco : _bEl Trabajo, _cMarzo 1913. |
||
| 300 |
_a52 páginas. : _c20 cm. |
||
| 440 |
_aRevista Universitaria _nAño II, Marzo 1913, N°4 _945773 |
||
| 505 | _aContenido: Informe sobre el censo levantado en la provincia del Cuzco el 10 de setiembre de 1912. Alberto Giesecke, director del Censo. | ||
| 650 |
_aCensos _95904 |
||
| 650 |
_aCenso del Cusco _945774 |
||
| 650 |
_aSiglo XX _945775 |
||
| 650 |
_aHistoria del Cusco _91714 |
||
| 700 |
_aGiesecke, Alberto _945776 |
||
| 710 |
_aUniversidad Nacional de San Antonio Abad del Cusco _915942 |
||
| 942 |
_2ddc _cPP |
||
| 945 | _arac | ||